[Event "Chile-ch Absolute 2018-19"]
[Site "Santiago"]
[Date "2019.02.28"]
[Round "10.3"]
[White "Torres Bravo, Cristobal"]
[Black "Abarca Gonzalez, Nicolas"]
[Result "1/2-1/2"]
[WhiteElo "2347"]
[BlackElo "2418"]
[Annotator "ChessBase"]
[PlyCount "123"]
[EventDate "2019.02.20"]
[EventType "tourn"]
[EventCountry "CHI"]
[SourceTitle "playchess.com"]
[Source "ChessBase"]
[SourceQuality "1"]
[TimeControl "5400+30"]

1. d4 {[%emt 0:00:00]} Nf6 {[%emt 0:06:33]} 2. Nf3 {[%emt 0:00:00]} g6 {[%emt 0:00:20]} 3. c4 {[%emt 0:00:00]} Bg7 {[%emt 0:00:05]} 4. g3 {[%emt 0:00:06]} O-O {[%emt 0:00:05]} 5. Bg2 {[%emt 0:00:03]} d6 {[%emt 0:00:04]} 6. O-O {[%emt 0:00:05]} Na6 {[%emt 0:00:02]} 7. Nc3 {[%emt 0:01:32]} c6 {[%emt 0:00:51]} 8. a3 {[%emt 0:03:23]} Bf5 {[%emt 0:02:07]} 9. Nh4 {[%emt 0:04:10]} Bd7 {[%emt 0:06:35]} 10. b4 {[%emt 0:04:30]} Rb8 {[%emt 0:05:11]} 11. Qd3 {[%emt 0:03:42]} Qc8 {[%emt 0:17:34]} 12. Rd1 {[%emt 0:04:12]} b5 {[%emt 0:20:03]} 13. Bd2 {[%emt 0:10:23]} Nc7 {[%emt 0:04:25]} 14. cxb5 {[%emt 0:05:55]} cxb5 {[%emt 0:00:14]} 15. e4 {[%emt 0:03:44]} Rd8 {[%emt 0:11:57]} 16. Rdc1 {[%emt 0:02:52]} Qa6 {[%emt 0:01:09]} 17. h3 {[%emt 0:05:11]} e5 {[%emt 0:03:53]} 18. Nf3 {[%emt 0:07:59]} Be6 {[%emt 0:01:40]} 19. d5 {[%emt 0:02:52]} Bd7 {[%emt 0:00:23]} 20. Be3 {[%emt 0:00:29]} Qb7 {[%emt 0:12:50]} 21. Nd2 {[%emt 0:01:44]} Rdc8 {[%emt 0:03:00]} 22. Nb3 {[%emt 0:01:16]} a6 {[%emt 0:00:08]} 23. Na5 {[%emt 0:00:21]} Qa8 {[%emt 0:00:01]} 24. Kh2 {[%emt 0:07:31]} Nce8 {[%emt 0:01:14]} 25. Ra2 {[%emt 0:00:37]} Rc7 {[%emt 0:00:08]} 26. Rac2 {[%emt 0:00:09]} h5 {[%emt 0:00:17]} 27. Qe2 {[%emt 0:03:16]} Kh7 {[%emt 0:00:31]} 28. Qd2 {[%emt 0:01:47]} Ng8 {[%emt 0:00:21]} 29. Ne2 {[%emt 0:03:37]} Rxc2 {[%emt 0:00:27]} 30. Rxc2 {[%emt 0:00:10]} Ne7 {[%emt 0:00:04]} 31. f4 {[%emt 0:01:22]} Rc8 {[%emt 0:00:13]} 32. fxe5 {[%emt 0:02:00]} Rxc2 {[%emt 0:00:04]} 33. Qxc2 {[%emt 0:00:04]} Bxe5 {[%emt 0:00:02]} 34. Bf4 {[%emt 0:01:00]} f6 {[%emt 0:00:05]} 35. h4 {[%emt 0:01:51]} Kg7 {[%emt 0:00:50]} 36. Qd2 {[%emt 0:01:03]} Qc8 {[%emt 0:00:19]} 37. Nd4 {[%emt 0:00:43]} Kf7 {[%emt 0:01:08]} 38. Nf3 {[%emt 0:03:19]} Ba1 {[%emt 0:00:45]} 39. Nc6 {[%emt 0:01:54]} Nxc6 {[%emt 0:02:26]} 40. dxc6 {[%emt 0:00:10]} Be6 {[%emt 0:00:01]} 41. Bxd6 {[%emt 0:07:25]} Qxc6 {[%emt 0:00:08]} 42. e5 {[%emt 0:00:33]} Qd7 {[%emt 0:01:10]} 43. Qc1 {[%emt 0:02:17]} Nxd6 {[%emt 0:01:05]} 44. Qxa1 {[%emt 0:00:07]} Nc4 {[%emt 0:00:58]} 45. exf6 {[%emt 0:00:13]} Kf8 {[%emt 0:00:24]} 46. Qc1 {[%emt 0:00:26]} Kf7 {[%emt 0:00:34]} 47. Qc3 {[%emt 0:01:49]} Kf8 {[%emt 0:00:24]} 48. Qc1 {[%emt 0:00:35]} Kf7 {[%emt 0:00:03]} 49. Qc3 {[%emt 0:01:16]} Kf8 {[%emt 0:00:04]} 50. Ng5 {[%emt 0:00:07]} Bf7 {[%emt 0:00:51]} 51. Qf3 {[%emt 0:00:39]} Ne5 {[%emt 0:01:06]} 52. Qa8+ {[%emt 0:00:13]} Be8 {[%emt 0:00:01]} 53. Qd5 {[%emt 0:01:13]} Ng4+ {[%emt 0:00:32]} 54. Kh1 {[%emt 0:00:05]} Nxf6 {[%emt 0:00:31]} 55. Qxd7 {[%emt 0:02:20]} Nxd7 {[%emt 0:00:03]} 56. Bb7 {[%emt 0:00:11]} Nb8 {[%emt 0:00:32]} 57. Kg1 {[%emt 0:00:28]} Ke7 {[%emt 0:00:20]} 58. Kf2 {[%emt 0:00:11]} Bc6 {[%emt 0:00:32]} 59. Bc8 {[%emt 0:00:33]} Bd7 {[%emt 0:01:10]} 60. Bb7 {[%emt 0:00:18]} Bc6 {[%emt 0:00:02]} 61. Bc8 {[%emt 0:00:17]} Bd7 {[%emt 0:00:26]} 62. Bb7 {[%emt 0:00:14]} 1/2-1/2

[Event "Chile-ch Absolute 2018-19"]
[Site "Santiago"]
[Date "2019.02.27"]
[Round "10.4"]
[White "Vergara Jofre, Felipe"]
[Black "Cuevas Araya, Walter"]
[Result "1-0"]
[WhiteElo "2265"]
[BlackElo "2187"]
[Annotator "NA"]
[PlyCount "65"]
[EventDate "2019.02.20"]
[EventType "tourn"]
[EventCountry "CHI"]
[SourceTitle "playchess.com"]
[Source "ChessBase"]
[SourceQuality "1"]
[TimeControl "5400+30"]

1. e4 {[%emt 0:00:00]} c6 {[%emt 0:01:25]} 2. d4 {[%emt 0:00:00]} d5 {[%emt 0:00:05]} 3. e5 {[%emt 0:00:00]} c5 {[%emt 0:01:07]} 4. dxc5 {[%emt 0:00:00]} e6 {[%emt 0:00:03]} 5. Nf3 {[%emt 0:00:11]} Bxc5 {[%emt 0:04:14]} 6. Bd3 {[%emt 0:00:44]} Nc6 {[%emt 0:03:17]} 7. O-O {[%emt 0:03:08]} Nb4 {[%emt 0:02:04]} 8. Be2 {[%emt 0:03:08]} Qc7 {[%emt 0:04:53]} 9. a3 {[%emt 0:00:26]} Nc6 {[%emt 0:00:38]} 10. b4 {[%emt 0:00:28]} Bf8 {[%emt 0:08:33]} 11. Bb2 {[%emt 0:05:18]} Nge7 {[%emt 0:02:11]} 12. Nbd2 {[%emt 0:03:40]} Ng6 {[%emt 0:00:32]} 13. c4 {[%emt 0:01:48]} Be7 {[%emt 0:06:45]} 14. Rc1 {[%emt 0:05:59]} d4 {[%emt 0:09:10]} 15. Nxd4 {[%emt 0:01:56]} Nxd4 {[%emt 0:01:06]} 16. Bxd4 {[%emt 0:00:02]} O-O {[%emt 0:00:05]} 17. f4 {[%emt 0:02:49]} a5 {[%emt 0:00:32]} 18. c5 {[%emt 0:06:19]} Rd8 {[%emt 0:01:10]} 19. Ne4 {[%emt 0:02:31]} axb4 {[%emt 0:00:40]} 20. axb4 {[%emt 0:00:43]} Bd7 {[%emt 0:00:45]} 21. Nd6 {[%emt 0:03:08]} Bc6 {[%emt 0:00:44]} 22. Bc4 {[%emt 0:06:14]} Bxd6 {[%emt 0:03:42]} 23. exd6 {[%emt 0:00:22]} Qd7 {[%emt 0:00:07]} 24. Bb2 {[%emt 0:06:56]} Kh8 {[%emt 0:02:30]} 25. Qd3 {[%emt 0:06:17]} b5 {[%emt 0:01:23]} 26. Bb3 {[%emt 0:02:08]} Qb7 {[%emt 0:01:14]} 27. f5 {[%emt 0:05:17]} exf5 {[%emt 0:01:06]} 28. Rxf5 {[%emt 0:01:15]} Rd7 {[%emt 0:00:19]} 29. Qc3 {[%emt 0:03:47]} Rg8 {[%emt 0:01:12]} 30. Re1 {[%emt 0:00:46]} Be4 {[%emt 0:06:55]} 31. Qd4 {[%emt 0:03:29]} Nh4 {[%emt 0:03:57]} 32. Rh5 {[%emt 0:00:38]} Bc2 {[%emt 0:01:45]} 33. Qxg7+ {[%emt 0:00:22]} 1-0

[Event "Chile-ch Absolute 2018-19"]
[Site "Santiago"]
[Date "2019.02.27"]
[Round "10.5"]
[White "Garcia Cardenas, Pablo"]
[Black "Aguirre Contreras, Cristian"]
[Result "1-0"]
[WhiteElo "2449"]
[BlackElo "2252"]
[Annotator "NA"]
[PlyCount "65"]
[EventDate "2019.02.20"]
[EventType "tourn"]
[EventCountry "CHI"]
[SourceTitle "playchess.com"]
[Source "ChessBase"]
[SourceQuality "1"]
[TimeControl "5400+30"]

1. d4 {[%emt 0:00:00]} Nf6 {[%emt 0:00:11]} 2. c4 {[%emt 0:00:00]} e6 {[%emt 0:00:06]} 3. Nc3 {[%emt 0:00:00]} d5 {[%emt 0:00:05]} 4. Nf3 {[%emt 0:00:00]} Be7 {[%emt 0:00:17]} 5. Bf4 {[%emt 0:00:04]} O-O {[%emt 0:01:13]} 6. e3 {[%emt 0:00:04]} a6 {[%emt 0:01:26]} 7. Rc1 {[%emt 0:11:39]} Nbd7 {[%emt 0:03:04]} 8. c5 {[%emt 0:08:54]} Nh5 {[%emt 0:08:29]} 9. Bd3 {[%emt 0:00:07]} Nxf4 {[%emt 0:11:26]} 10. exf4 {[%emt 0:00:02]} Re8 {[%emt 0:00:18]} 11. O-O {[%emt 0:03:28]} g6 {[%emt 0:12:05]} 12. b4 {[%emt 0:09:42]} b5 {[%emt 0:10:21]} 13. a4 {[%emt 0:16:56]} c6 {[%emt 0:00:38]} 14. Qb3 {[%emt 0:01:30]} Qc7 {[%emt 0:04:02]} 15. g3 {[%emt 0:00:27]} f6 {[%emt 0:00:41]} 16. Rfe1 {[%emt 0:06:41]} Kf7 {[%emt 0:09:51]} 17. axb5 {[%emt 0:07:18]} axb5 {[%emt 0:00:11]} 18. Re3 {[%emt 0:14:43]} Bf8 {[%emt 0:01:11]} 19. Rce1 {[%emt 0:00:52]} Bb7 {[%emt 0:00:44]} 20. h4 {[%emt 0:00:54]} Bg7 {[%emt 0:05:43]} 21. Bxb5 {[%emt 0:01:07]} e5 {[%emt 0:04:27]} 22. Nxd5 {[%emt 0:06:31]} cxd5 {[%emt 0:00:34]} 23. c6 {[%emt 0:00:13]} Bxc6 {[%emt 0:06:05]} 24. Rc1 {[%emt 0:00:50]} Nb8 {[%emt 0:00:44]} 25. Bxc6 {[%emt 0:02:06]} Nxc6 {[%emt 0:00:22]} 26. Qxd5+ {[%emt 0:00:19]} Re6 {[%emt 0:01:01]} 27. Rxe5 {[%emt 0:00:32]} Rae8 {[%emt 0:01:36]} 28. b5 {[%emt 0:03:13]} fxe5 {[%emt 0:03:55]} 29. Ng5+ {[%emt 0:00:10]} Kf8 {[%emt 0:00:30]} 30. Nxe6+ {[%emt 0:01:26]} Rxe6 {[%emt 0:00:02]} 31. Qxe6 {[%emt 0:00:05]} Nxd4 {[%emt 0:00:23]} 32. Rxc7 {[%emt 0:00:59]} Nxe6 {[%emt 0:00:02]} 33. b6 {[%emt 0:00:06]} 1-0

[Event "Chile-ch Absolute 2018-19"]
[Site "Santiago"]
[Date "2019.02.27"]
[Round "10.6"]
[White "Olivares Olivares, Claudio"]
[Black "Tapia Fuentes, Jaime"]
[Result "1-0"]
[WhiteElo "2387"]
[BlackElo "2259"]
[Annotator "NA"]
[PlyCount "85"]
[EventDate "2019.02.20"]
[EventType "tourn"]
[EventCountry "CHI"]
[SourceTitle "playchess.com"]
[Source "ChessBase"]
[SourceQuality "1"]
[TimeControl "5400+30"]

1. e4 {[%emt 0:00:00]} c5 {[%emt 0:00:00]} 2. Nf3 {[%emt 0:00:00]} d6 {[%emt 0:00:00]} 3. d4 {[%emt 0:00:00]} cxd4 {[%emt 0:00:04]} 4. Nxd4 {[%emt 0:00:00]} Nf6 {[%emt 0:00:04]} 5. Nc3 {[%emt 0:00:05]} g6 {[%emt 0:00:03]} 6. Be2 {[%emt 0:00:06]} Bg7 {[%emt 0:00:06]} 7. O-O {[%emt 0:00:07]} O-O {[%emt 0:00:06]} 8. Re1 {[%emt 0:00:05]} Nc6 {[%emt 0:02:39]} 9. Nb3 {[%emt 0:00:49]} Be6 {[%emt 0:04:01]} 10. Bf1 {[%emt 0:00:36]} a6 {[%emt 0:09:46]} 11. Nd5 {[%emt 0:00:45]} b5 {[%emt 0:07:02]} 12. c3 {[%emt 0:00:39]} Re8 {[%emt 0:05:30]} 13. Bg5 {[%emt 0:03:59]} Bxd5 {[%emt 0:00:50]} 14. exd5 {[%emt 0:01:20]} Na5 {[%emt 0:00:06]} 15. Nxa5 {[%emt 0:08:53]} Qxa5 {[%emt 0:00:09]} 16. Qd2 {[%emt 0:00:07]} Rac8 {[%emt 0:02:35]} 17. Re3 {[%emt 0:06:43]} Qc7 {[%emt 0:17:49]} 18. Rd1 {[%emt 0:08:11]} Qb7 {[%emt 0:08:56]} 19. Be2 {[%emt 0:04:16]} Rc5 {[%emt 0:16:03]} 20. Bf3 {[%emt 0:00:14]} h6 {[%emt 0:01:06]} 21. Bh4 {[%emt 0:05:04]} Rc4 {[%emt 0:01:20]} 22. Bg3 {[%emt 0:02:07]} h5 {[%emt 0:02:10]} 23. Qe1 {[%emt 0:02:53]} Kf8 {[%emt 0:01:30]} 24. h3 {[%emt 0:04:59]} Qd7 {[%emt 0:06:44]} 25. Qe2 {[%emt 0:13:18]} Ng8 {[%emt 0:00:51]} 26. Be4 {[%emt 0:07:13]} Nf6 {[%emt 0:00:39]} 27. Bc2 {[%emt 0:00:42]} Rc5 {[%emt 0:00:38]} 28. Bb3 {[%emt 0:00:40]} a5 {[%emt 0:02:46]} 29. a3 {[%emt 0:00:10]} a4 {[%emt 0:01:40]} 30. Ba2 {[%emt 0:00:06]} Qb7 {[%emt 0:01:53]} 31. Red3 {[%emt 0:04:01]} Ng8 {[%emt 0:05:24]} 32. f4 {[%emt 0:04:14]} Nh6 {[%emt 0:00:06]} 33. Bf2 {[%emt 0:00:08]} Rcc8 {[%emt 0:00:12]} 34. g4 {[%emt 0:00:17]} hxg4 {[%emt 0:00:32]} 35. hxg4 {[%emt 0:00:07]} Qd7 {[%emt 0:00:40]} 36. Rg3 {[%emt 0:00:14]} f5 {[%emt 0:00:14]} 37. gxf5 {[%emt 0:01:31]} Nxf5 {[%emt 0:03:10]} 38. Rxg6 {[%emt 0:00:13]} Kf7 {[%emt 0:00:11]} 39. Rg5 {[%emt 0:02:32]} Rh8 {[%emt 0:01:03]} 40. Qg4 {[%emt 0:00:34]} Bf6 {[%emt 0:00:01]} 41. Bb1 {[%emt 0:01:09]} e6 {[%emt 0:01:20]} 42. dxe6+ {[%emt 0:00:16]} Qxe6 {[%emt 0:00:22]} 43. Bxf5 {[%emt 0:00:07]} 1-0

[Event "Chile-ch Absolute 2018-19"]
[Site "Santiago"]
[Date "2019.02.28"]
[Round "11.1"]
[White "Tapia Fuentes, Jaime"]
[Black "Gasic Merino, Franco"]
[Result "0-1"]
[WhiteElo "2259"]
[BlackElo "2189"]
[Annotator "TA"]
[PlyCount "136"]
[EventDate "2019.02.20"]
[EventType "tourn"]
[EventCountry "CHI"]
[SourceTitle "playchess.com"]
[Source "ChessBase"]
[SourceQuality "1"]

{[%evp 18,136,0,-22,15,23,26,5,16,9,17,9,39,11,24,23,61,-2,0,-8,14,17,25,16,33,22,18,-21,22,17,25,17,19,0,0,0,0,0,0,0,8,0,0,0,0,0,0,0,0,-31,-32,-41,0,0,0,-27,18,-155,-124,-112,-101,-110,-115,-129,-89,-122,-118,-448,-337,-559,-561,-545,-529,-504,-478,-451,-429,-292,0,-272,-78,-1885,-1837,-1737,-1723,-1629,-1629,-1610,-1587,-1431,-1353,-1433,-1296,-1337,-1344,-10935,-11946,-6572,-6109,-7367,-6379,-6216,-6095,-6087,-6087,-5791,-5743,-5531,-5206,-2379,-1980,-1356,0,-5205,-3416,-2522,-2282,-5206,-5206,-2532,-2321]} 1. Nf3 Nf6 2. g3 g6 3. Bg2 Bg7 4. O-O c5 5. d3 O-O 6. e4 {[%cal Be2e4,Be4e5][%mdl 32]} d6 7. Re1 Nc6 8. c3 Rb8 9. d4 cxd4 {A05: Réti Opening: 1 Nf3 Nf6} (9... Bg4 10. h3 Bxf3 11. Bxf3 cxd4 12. cxd4 Nd7 13. d5 Nce5 14. Be2 Nc5 15. Nc3 Qd7 16. Kg2 b5 17. b4 {1-0 (53) Samoun,F (2322)-Sagit,R (2434) Porto Carras 2018}) 10. cxd4 {LiveBook: 7 Games} d5 11. e5 Ne4 {White has an edge.} 12. Nbd2 Bf5 $146 ({Predecessor:} 12... f6 13. Nxe4 dxe4 14. Rxe4 Nxe5 15. Nxe5 fxe5 16. Qb3+ Kh8 17. dxe5 {1-0 (47) Suhl,D-Krueger,R (2255) Germany 1992}) 13. Nb3 f6 14. exf6 Bxf6 15. Bf4 Rc8 16. Ne5 g5 17. Nxc6 (17. Be3 $1 $14) 17... Rxc6 $11 18. Be3 Qd7 19. f3 Nd6 20. Nc5 {[%cal Bb3c5,Bc5a6,Ba6b4][%mdl 32]} Qd8 21. g4 b6 22. Na6 Be6 23. b3 Qc8 24. Nb4 Rc3 25. Nd3 Nb5 26. Ne5 Na3 $1 {[%cal Ra3c2]} 27. Qd2 Rc7 28. Rac1 Bxe5 29. dxe5 {Black must now prevent Rxc7.} Nc2 30. Red1 Nxe3 31. Qxe3 Rf4 32. Rxc7 Qxc7 33. Rc1 (33. h4 $5) 33... Qd7 34. h4 h6 35. Qd3 Bf7 36. Re1 {Threatens to win with e6!} Kg7 37. Rd1 $2 (37. e6 $11 Bxe6 38. Qe3) 37... d4 38. h5 Qd5 39. Re1 b5 {[%cal Bb6b5,Bb5b4][%mdl 32]} 40. Kf2 a5 41. Bf1 b4 42. Re4 $2 {[%mdl 8192]} (42. Re2 $17 {is more resistant.}) 42... Rxe4 43. Qxe4 $2 (43. fxe4 {keeps fighting.} Qxe5 44. Kg2) 43... Qxe4 $19 44. fxe4 {[%mdl 4096] Endgame KB-KB} Be6 45. Be2 Bc8 46. Ke1 {intending Kd2.} Kf7 47. Bc4+ Kg7 48. Be2 {[#]} d3 $1 {[%mdl 512]} 49. Bf3 $2 {[%mdl 8192]} (49. Bd1 $17) (49. Bxd3 Bxg4) 49... Kf7 50. Kd2 Ke6 51. Kxd3 Kxe5 52. Ke3 Bb7 53. Bg2 Ba8 54. Bf3 Bc6 55. Bg2 a4 {[%cal Ba5a4,Ba4a3][%mdl 32]} 56. Bf3 a3 57. Kd3 Bb5+ 58. Ke3 Ba6 59. Bd1 Bc8 60. Bf3 Be6 61. Bd1 Bf7 62. Bc2 Be8 63. Bd3 Bd7 64. Be2 {[#]} Bc8 $2 (64... Bc6 $1 $19 65. Bd3 Bb7) 65. Bd1 $2 {[%mdl 8192]} (65. Bf3 $11) 65... Be6 {Black is clearly winning.} 66. Kd3 Kf4 67. Kd4 Bxg4 68. Bc2 Be2 {Precision: White = 41%, Black = 64%.} 0-1

[Event "Chile-ch Absolute 2018-19"]
[Site "Santiago"]
[Date "2019.02.28"]
[Round "11.2"]
[White "Aguirre Contreras, Cristian"]
[Black "Olivares Olivares, Claudio"]
[Result "1-0"]
[WhiteElo "2252"]
[BlackElo "2387"]
[Annotator "TA"]
[PlyCount "95"]
[EventDate "2019.02.20"]
[EventType "tourn"]
[EventCountry "CHI"]
[SourceTitle "playchess.com"]
[Source "ChessBase"]
[SourceQuality "1"]

{[%evp 13,95,0,2,-38,-36,-30,-22,-75,-41,-41,-41,-40,5,-52,-16,-57,-46,-73,0,0,0,-24,36,-30,-19,-42,-17,-70,-12,-18,0,0,0,0,42,0,32,23,72,43,110,95,143,139,117,120,115,93,162,175,249,263,456,454,460,455,416,154,200,175,193,193,187,187,389,415,389,156,389,389,389,389,389,389,389,389,389,384,1041,587,833,831,710,476]} 1. e4 c5 2. c3 d5 3. exd5 Qxd5 4. d4 Nf6 5. Nf3 Bg4 6. Be2 e6 7. Na3 a6 {LiveBook: 8 Games. B22: Sicilian: 2 c3} 8. Nc4 Bxf3 $1 9. gxf3 Nbd7 {Black has an edge.} 10. Rg1 (10. dxc5 $11 {remains equal.} Qxd1+ 11. Kxd1) 10... cxd4 (10... b5 $5 {[%cal Rb5c4]} 11. Ne3 Qh5 $15) 11. Rg5 Qc6 $1 {Strongly threatening ...b5.} 12. Qxd4 b5 $146 ({Predecessor:} 12... h6 13. Rg1 Bc5 14. Qh4 Rg8 15. Be3 {½-½ (29) Ghaem Maghami,E (2488)-Rowson,J (2494) Istanbul 2000}) 13. Ne3 (13. Ne5 $11 Nxe5 14. Qxe5) 13... Nc5 14. c4 b4 15. Nc2 Rd8 (15... b3 $17 16. Ne3 h6) 16. Qe3 $1 $11 h6 17. Rg1 Na4 ({Black should try} 17... a5 $11) 18. Qb3 (18. a3 $14 Bc5 19. Qb3 bxa3 20. Nxa3) 18... a5 19. Bd2 g6 20. O-O-O ({Better is} 20. a3 $11 bxa3 21. Nxa3) 20... Nc5 (20... Bg7 $15 21. Be3 Rxd1+ 22. Rxd1 Nc5 23. Bxc5 Qxc5) 21. Qe3 Be7 22. Kb1 h5 {[%cal Bh6h5,Bh5h4][%mdl 32]} 23. Nd4 Qb7 24. Bc1 h4 25. Nb5 O-O 26. Qh6 Rxd1 ({Black should play} 26... Nh7 $14) 27. Bxd1 $16 {And now Bc2 would win.} (27. Rxd1 Ng4 $11) 27... Rd8 {Threatening ...Rxd1!} 28. Bc2 {Intending Bxg6! and mate.} (28. Qxh4 $6 Rxd1 29. Rxd1 Qxf3 $14) 28... Bf8 29. Qxh4 Bg7 30. Be3 Ncd7 (30... Qe7 $16) 31. Nd6 $18 Qxf3 (31... Qc7 $142) 32. Qg5 $1 {Threatens to win with Nxf7!} Nf8 $2 {[#]} (32... Ne5 33. Qxe5 Ne8 34. Qxa5 (34. Qe4 Qf6 $15) 34... Rxd6 35. Qxb4 Rd8) 33. Nxf7 $1 {[%mdl 512]} Kxf7 34. Bxg6+ Ke7 35. Qc5+ $2 (35. Bc2 $18 {has better winning chances.} Bh8 36. Bc5+ (36. Qxa5 N6d7 $16) 36... Ke8 37. Qh6) 35... Rd6 $16 36. Qc7+ {[%mdl 1024] White has strong compensation.} N6d7 {White must now prevent ...Rd1+.} 37. Bc5 $1 $40 {[%cal Rc5d6][%mdl 128] White attacks with force.} Be5 38. Bc2 {aiming for Rd1.} ({Avoid the trap} 38. Qxa5 $2 Nxc5 39. Qxc5 Nxg6 $19) 38... Qf4 $2 {[#]} (38... Qa8 39. h4 (39. Rd1 Qb8 $18) 39... Qb8 40. Bxd6+ (40. Qxa5 Nxc5 41. Qxc5 Nd7 $17) 40... Bxd6 41. Qxa5 Bc5) 39. Rd1 $1 $18 Qxh2 {[#]} 40. Ba4 (40. a3 $1 $18 {is the precise move to win.}) 40... Qf4 $2 (40... Qh7+ $16 {keeps fighting.} 41. Bc2 Qh2) 41. a3 bxa3 42. Bxa3 Qe4+ 43. Ka2 Qf4 44. Rd3 Qh2 45. Rf3 Qh7 $2 (45... Qh6 46. Rd3 Qf4) 46. Qc8 {White is clearly winning.} Qe4 47. Rxf8 Nxf8 48. Qe8+ {Precision: White = 44%, Black = 31%.} 1-0

[Event "Chile-ch Absolute 2018-19"]
[Site "Santiago"]
[Date "2019.02.28"]
[Round "11.3"]
[White "Cuevas Araya, Walter"]
[Black "Garcia Cardenas, Pablo"]
[Result "0-1"]
[WhiteElo "2187"]
[BlackElo "2449"]
[Annotator "TA"]
[PlyCount "62"]
[EventDate "2019.02.20"]
[EventType "tourn"]
[EventCountry "CHI"]
[SourceTitle "playchess.com"]
[Source "ChessBase"]
[SourceQuality "1"]

{[%evp 14,62,15,0,39,39,40,19,28,23,76,18,31,44,38,48,33,42,52,38,60,54,91,15,53,0,-10,0,0,0,66,-11,0,0,0,-160,-122,-161,-64,-334,-323,-556,-548,-706,-694,-1885,-1343,-29989,-29990,-29990,-29991]} 1. e4 c5 2. Nf3 e6 3. d4 cxd4 4. Nxd4 a6 5. Nc3 Qc7 6. Bd3 Nf6 7. Qe2 d6 8. g4 {[%cal Bg2g4,Bg4g5][%mdl 32] LiveBook: 10 Games. B43: Sicilian: Kan Variation: 5 Nc3} (8. f4 Nbd7 9. g4 Nc5 10. g5 Nfd7 11. Be3 b5 12. a3 Bb7 13. O-O-O Rc8 14. Kb1 e5 15. Nf5 g6 16. Nh6 Bxh6 17. gxh6 exf4 18. Bxf4 {1-0 (36) Zhigalko,A (2545)-Gordievsky,D (2614) St Petersburg 2018}) 8... Be7 9. g5 Nfd7 10. Be3 {White is slightly better.} b5 11. a3 Bb7 (11... Ne5 $11) 12. Rg1 $146 (12. f4 $16) ({Predecessor:} 12. h4 Nc6 13. Rg1 Nce5 14. h5 g6 15. O-O-O Nxd3+ 16. cxd3 {1-0 (35) Legaspi,R (2304)-Roca,P (2372) Manila 2010}) 12... Nc6 $11 13. f4 Nxd4 14. Bxd4 e5 15. Be3 exf4 16. Bxf4 O-O 17. O-O-O ({Reject} 17. Nd5 $6 Bxd5 18. exd5 Rae8 $11) 17... Rfe8 18. Qf2 (18. h4 $16) 18... Bf8 19. Nd5 (19. Rg3 $14) 19... Bxd5 20. exd5 g6 21. h4 Nb6 ({Black should try} 21... Nc5 $11) 22. h5 ({Better is} 22. Be3 $1 $14 Nd7 23. h5) 22... Nxd5 23. hxg6 hxg6 24. Bxb5 $2 ({White should play} 24. Bd2 $11) 24... axb5 $17 25. Rxd5 {[#] Threatens to win with Rh1.} Qc4 (25... b4 $1 $19 {[%cal Rb4a3][%mdl 512]} 26. Rd3 (26. axb4 Ra1+) 26... bxa3 27. bxa3 Qc4) 26. Rd4 $2 {[%mdl 8192]} ({White has to play} 26. Rd3 $1 $15 Re4 27. Bd2) 26... Qa2 $19 27. Rb4 $2 (27. Be3 {keeps fighting.} Qa1+ 28. Kd2 Qxb2 29. Rd3) 27... d5 28. Rb3 Rac8 29. Kd1 Bc5 30. Qh4 Qb1+ 31. Kd2 Bxg1 {Precision: White = 23%, Black = 48%.} 0-1